Vogel des Jahres 2000-2020 - Bilderrätsel - Statistiken

Allgemein
  • Dieses Quiz wurde 126 mal gespielt
  • Das Durchschnittsergebnis liegt bei 15 aus 21
Antwortstatistiken
Bildquiz Hint Antwort % Korrekt
2005 Uhu
94%
2009 Eisvogel
90%
2002 Haussperling
84%
2014 Grünspecht
81%
2015 Habicht
80%
2018 Star
78%
2001 Haubentaucher
75%
2000 Rotmilan
75%
2010 Kormoran
74%
2004 Zaunkönig
73%
2007 Turmfalke
72%
2006 Kleiber
70%
2008 Kuckuck
70%
2012 Dohle
69%
2003 Mauersegler
65%
2016 Stieglitz
62%
2017 Waldkauz
62%
2020 Turteltaube
55%
2019 Feldlerche
51%
2013 Bekassine
47%
2011 Gartenrotschwanz
42%
Keine übereinstimmenden Quizze gefunden
Verteilung der Resultate
Anzahl Personen mit jedem Resultat
Perzentil nach korrekt beantworteten Fragen
Ihre Resultats-Entwicklung
Sie haben dieses Quiz noch nicht gespielt